000 00430nam a2200181Ia 4500
001 12694
005 20260306163000.0
008 260306t2019||||xx |||||||||||||| ||spa||
041 _aESP
082 _aHR 658
_bNOV 2019 JOM
100 _aAllen, David G.
_eAUT
245 0 _aJournal of management
260 _c2019
300 _apáginas 3083-3234 :
_c24 cm.
650 _aGEN
654 _aCAN
942 _cREV
_dJUS
_fJUS
_2ddc
_n
999 _c12694
_d12694